000 00964nam a2200229 i 4500
001 183325
003 ES-MaACL
005 20250804063442.0
008 140324s2010 sp |||| | spa d
020 _a978-84-92456-68-0
080 _a267 Asociación Católica de Propagandistas (091)
080 _a282(460)"19":32
100 1 _aMartín Puerta, Antonio,
_d1952-
_9154599
245 1 0 _aHistoria de la Asociación Católica de Propagandistas.
_n[IV],
_p(1953-1965), las presidencias de Francisco Guijarro Arrizabalaga (1953-1959) y de Alberto Martín Artajo Álvarez (1959-1965) /
_cAntonio Martín Puerta.
260 _aMadrid :
_bCEU Ediciones,
_c[2010]
300 _a812 p. ;
_c24 cm.
504 _aBibliografía: p. 761-768. Índice.
610 2 4 _aAsociación Católica de Propagandistas-
_vHistoria.
_9170892
650 4 _aCatólicos-
_xActividad política-
_zEspaña-
_yS.XX.
_9154594
852 _aES-MaACL
_jN-6060
999 _c183325
_d183325